| 000 | 00656cam a22002177a 4500 | ||
|---|---|---|---|
| 001 | 002215 | ||
| 003 | armpunfd | ||
| 005 | 20140612090702.0 | ||
| 008 | 090814e0####xx#a##########000#0#und#d | ||
| 040 |
_aarmpunfd _carmpunfd |
||
| 080 | _a342.392 (82) P 848 | ||
| 100 | 1 | 0 | _a Potash Robert A |
| 245 | 1 | 0 | _aEl ejercito y la politica en la argentina (1) |
| 260 |
_a Uenos Aires : Hyspamerica _b1986. 441 P. Isbn: 950-614-357-9 |
||
| 650 | 7 |
_a Derecho Politico _2LEMB |
|
| 650 | 7 |
_a Gobierno De Castillo _2LEMB |
|
| 650 | 7 |
_a Gobierno De Peron _2LEMB |
|
| 650 | 7 |
_a Gobierno De Yrigoyen _2LEMB |
|
| 942 |
_cLB _2cdu |
||
| 945 |
_aCatalis _d2010-08-19 |
||
| 999 |
_c2205 _d232709 |
||